The analytic hospitality executive: implementing data analytics in hotels and casinos. / (Record no. 8300)

MARC details
000 -LEADER
fixed length control field 02680cam a2200397 i 4500
001 - CONTROL NUMBER
control field 19124728
003 - CONTROL NUMBER IDENTIFIER
control field OSt
005 - DATE AND TIME OF LATEST TRANSACTION
control field 20211216132404.0
008 - FIXED-LENGTH DATA ELEMENTS--GENERAL INFORMATION
fixed length control field 160607s2017 nju b 001 0 eng
010 ## - LIBRARY OF CONGRESS CONTROL NUMBER
LC control number 2016024813
020 ## - INTERNATIONAL STANDARD BOOK NUMBER
International Standard Book Number 9781119129981 (hardback)
040 ## - CATALOGING SOURCE
Original cataloging agency DLC
Language of cataloging eng
Transcribing agency DLC
Description conventions rda
Modifying agency DLC
042 ## - AUTHENTICATION CODE
Authentication code pcc
050 00 - LIBRARY OF CONGRESS CALL NUMBER
Classification number TX911.3.M27.M36
082 00 - DEWEY DECIMAL CLASSIFICATION NUMBER
Classification number 647.94068
Edition number 23
084 ## - OTHER CLASSIFICATION NUMBER
Classification number BUS081000
Number source bisacsh
100 1# - MAIN ENTRY--PERSONAL NAME
Personal name McGuire, Kelly Ann,
245 14 - TITLE STATEMENT
Title The analytic hospitality executive: implementing data analytics in hotels and casinos. /
Statement of responsibility, etc. Kelly A. McGuire
264 #1 - PRODUCTION, PUBLICATION, DISTRIBUTION, MANUFACTURE, AND COPYRIGHT NOTICE
Place of production, publication, distribution, manufacture Hoboken, New Jersey :
Name of producer, publisher, distributor, manufacturer Wiley,
Date of production, publication, distribution, manufacture, or copyright notice 2017.
300 ## - PHYSICAL DESCRIPTION
Extent xxii, 408 p. ;
Other physical details ill. ;
Dimensions 24 cm.
336 ## - CONTENT TYPE
Content type term text
Content type code txt
Source rdacontent
337 ## - MEDIA TYPE
Media type term unmediated
Media type code n
Source rdamedia
338 ## - CARRIER TYPE
Carrier type term volume
Carrier type code nc
Source rdacarrier
490 0# - SERIES STATEMENT
Series statement Wiley and SAS business series
504 ## - BIBLIOGRAPHY, ETC. NOTE
Bibliography, etc. note Includes bibliographical references (pages 385-387) and index.
505 ## - FORMATTED CONTENTS NOTE
Formatted contents note Contents: Building a strategic analytic culture in hospitality and gaming -- Data management for hospitality and gaming -- Data visualization -- From reactive to proactive decision making: advanced analytics in action -- Analytics for operations -- Analytics for marketing -- Analytics for sales -- Analytics for revenue management -- Analytics for performance analysis -- Analytics for gaming -- Putting it all together: building an analytical organization --
520 ## - SUMMARY, ETC.
Summary, etc. "This book will help decision makers within the hospitality/gaming industries understand big data and analytics as they apply to their industry. It will provide practical tips for incorporating analytics into existing business processes as well as assist managers discover where they can drive value in their organization via advanced analytics. The book will also contain tips and tools for creating a strategic analytic culture as opposed to silos of analytic competence and it will help identify which data sources will provide value to their organization and how to turn that information into insights"--
Assigning source Provided by publisher.
650 #0 - SUBJECT ADDED ENTRY--TOPICAL TERM
Topical term or geographic name entry element Hospitality industry
General subdivision Management
-- Decision making.
650 #0 - SUBJECT ADDED ENTRY--TOPICAL TERM
Topical term or geographic name entry element Hospitality industry
General subdivision Statistical methods.
650 #0 - SUBJECT ADDED ENTRY--TOPICAL TERM
Topical term or geographic name entry element Big data.
650 #7 - SUBJECT ADDED ENTRY--TOPICAL TERM
Topical term or geographic name entry element BUSINESS & ECONOMICS / Industries / Hospitality, Travel & Tourism.
Source of heading or term bisacsh
776 08 - ADDITIONAL PHYSICAL FORM ENTRY
Relationship information Online version:
Main entry heading McGuire, Kelly Ann, author.
Title Analytic hospitality executive
Place, publisher, and date of publication Hoboken, New Jersey : John Wiley & Sons, Inc., [2017]
International Standard Book Number 9781119224938
Record control number (DLC) 2016026828
906 ## - LOCAL DATA ELEMENT F, LDF (RLIN)
a 7
b cbc
c orignew
d 1
e ecip
f 20
g y-gencatlg
942 ## - ADDED ENTRY ELEMENTS (KOHA)
Source of classification or shelving scheme Library of Congress Classification
Koha item type Books
Holdings
Withdrawn status Lost status Source of classification or shelving scheme Damaged status Not for loan Home library Current library Shelving location Date acquired Total Checkouts Full call number Barcode Date last seen Price effective from Koha item type
    Library of Congress Classification     WISCONSIN INTERNATIONAL UNIVERSITY COLLEGE, GHANA KUMASI LIBRARY WISCONSIN INTERNATIONAL UNIVERSITY COLLEGE, GHANA KUMASI LIBRARY General Stacks 11/11/2019   TX911.3.M27.M36 K/1862/1862/19 16/12/2021 16/12/2021 Books

If you have any concerns or questions; kindly contact the library


© Powered by WIUC ICT DIRECTORATE